[Event "Ruhrgebiet Verbandsklasse Gruppe 2 1819"]
[Site "Nordrheinwestfalen"]
[Date "2019.03.10"]
[Round "7.5"]
[White "Grube, Joerg"]
[Black "Althoff, Christoph"]
[Result "1-0"]
[WhiteElo "1819"]
[BlackElo "1924"]
[PlyCount "55"]
[EventDate "2018.09.23"]
[EventType "team-tourn"]
[EventRounds "9"]
[EventCountry "GER"]
[SourceTitle "EXT 2022"]
[Source "ChessBase"]
[SourceDate "2021.10.06"]
[SourceVersion "1"]
[SourceVersionDate "2021.10.06"]
[SourceQuality "1"]
[WhiteTeam "Dortmund FS"]
[BlackTeam "Buer Hassel"]
[WhiteTeamCountry "GER"]
[BlackTeamCountry "GER"]

1. e4 d6 2. d4 Nf6 3. Nc3 Nbd7 4. Nf3 e5 5. Bc4 Be7 6. 0-0 c6 7. a4 b6 8. Re1 0-0 9. b3 Qc7 10. Bb2 Bb7 11. Bd3 a6 12. Ne2 Nxe4 13. Bxe4 f5 14. Bxf5 Rxf5 15. Ng3 Rff8 16. dxe5 c5 17. exd6 Bxd6 18. Ng5 Bxg3 19. hxg3 Qc6 20. f3 Rae8 21. Qd3 g6 22. Qc3 Nf6 23. Rxe8 Qxe8 24. Re1 Qb8 25. Re6 Qxg3 26. Rxf6 Qxg5 27. Re6 Rxf3 28. Qg7# 1-0

[Event "Herne UFO op 9th"]
[Site "Herne"]
[Date "2018.05.31"]
[Round "3"]
[White "Hassenrueck, Helmut"]
[Black "Grube, Joerg"]
[Result "1-0"]
[WhiteElo "2151"]
[BlackElo "1887"]
[PlyCount "77"]
[EventDate "2018.05.30"]
[EventType "swiss"]
[EventRounds "7"]
[EventCountry "GER"]
[SourceTitle "CBM 184 Extra"]
[Source "ChessBase"]
[SourceDate "2018.06.28"]
[SourceVersion "1"]
[SourceVersionDate "2018.06.28"]
[SourceQuality "1"]

1. d4 Nf6 2. Nf3 g6 3. c4 Bg7 4. Nc3 0-0 5. e4 d6 6. Be2 e5 7. 0-0 Nc6 8. d5 Ne7 9. b4 a5 10. bxa5 Nh5 11. Re1 Rxa5 12. a4 f5 13. Nd2 Nf6 14. Ra3 f4 15. Nb3 Ra8 16. c5 g5 17. g4 fxg3 18. hxg3 h6 19. a5 Ne8 20. c6 bxc6 21. dxc6 Be6 22. Bb5 Nf6 23. Be3 Qe8 24. a6 Ng4 25. f3 Nxe3 26. Rxe3 Qb8 27. Qd3 g4 28. fxg4 Qb6 29. Kg2 Bf6 30. Nd5 Nxd5 31. exd5 Bxg4 32. Nd2 Bg5 33. Qg6+ Kh8 34. Bd3 Bf5 35. Bxf5 Rxf5 36. Qxf5 Bxe3 37. Nc4 Qd4 38. Nxe3 Qb2+ 39. Nc2 1-0

[Event "Ruhrgebiet Verbandsklasse Gruppe 1 1718"]
[Site "Germany"]
[Date "2018.03.18"]
[Round "8.4"]
[White "Drewes, Martin"]
[Black "Grube, Joerg"]
[Result "1-0"]
[WhiteElo "1944"]
[BlackElo "1833"]
[PlyCount "73"]
[EventDate "2017.09.17"]
[EventType "team-tourn"]
[EventRounds "9"]
[EventCountry "GER"]
[SourceTitle "EXT 2022"]
[Source "ChessBase"]
[SourceDate "2021.10.06"]
[SourceVersion "1"]
[SourceVersionDate "2021.10.06"]
[SourceQuality "1"]
[WhiteTeam "Waltrop SV"]
[BlackTeam "Dortmund FS"]
[WhiteTeamCountry "GER"]
[BlackTeamCountry "GER"]

1. e4 e5 2. Nf3 Nc6 3. Bb5 a6 4. Ba4 Nf6 5. 0-0 Be7 6. Re1 b5 7. Bb3 0-0 8. d4 Nxd4 9. Nxd4 exd4 10. e5 Ne8 11. c3 dxc3 12. Nxc3 Bb7 13. Qg4 d6 14. exd6 Nxd6 15. Bf4 Bf6 16. Rad1 Qc8 17. h3 Qxg4 18. hxg4 g6 19. g5 Bg7 20. Re7 Nc4 21. Rxc7 Bc8 22. Nd5 Be6 23. Bc1 Rfd8 24. Nf6+ Kh8 25. Re1 h6 26. Bxc4 bxc4 27. Ne4 Rd5 28. gxh6 Bd4 29. Ng5 Rf5 30. Nf3 Bf6 31. Be3 Bxb2 32. Bd4+ Bxd4 33. Nxd4 Rd5 34. Nxe6 fxe6 35. Rxe6 Ra5 36. Rxg6 Rxa2 37. Rgg7 1-0

[Event "Ruhrgebiet Verbandsklasse Gruppe 1 1617"]
[Site "Germany"]
[Date "2016.09.25"]
[Round "2.3"]
[White "Ratzmann, Stefan"]
[Black "Grube, Joerg"]
[Result "1-0"]
[WhiteElo "1895"]
[BlackElo "1874"]
[PlyCount "81"]
[EventDate "2016.09.04"]
[EventType "team-tourn"]
[EventRounds "9"]
[EventCountry "GER"]
[SourceTitle "EXT 2022"]
[Source "ChessBase"]
[SourceDate "2021.10.06"]
[SourceVersion "1"]
[SourceVersionDate "2021.10.06"]
[SourceQuality "1"]
[WhiteTeam "Oberhausen SV III"]
[BlackTeam "Dortmund FS"]
[WhiteTeamCountry "GER"]
[BlackTeamCountry "GER"]

1. d4 Nf6 2. Nf3 d5 3. e3 e6 4. Bd3 Nbd7 5. Ne5 Bd6 6. f4 0-0 7. Nd2 c5 8. c3 b6 9. 0-0 Bb7 10. Qf3 Rc8 11. g4 Qc7 12. g5 Ne8 13. Qh3 g6 14. Qh6 f6 15. Nxg6 hxg6 16. Qxg6+ Ng7 17. Qh7+ Kf7 18. g6+ Ke8 19. Qxg7 Nb8 20. Qh6 Kd7 21. g7 Rf7 22. Bg6 Kc6 23. Bxf7 Qxf7 24. Kf2 Nd7 25. Rg1 Ba6 26. Qh8 Rg8 27. Qh6 Kb7 28. Qg6 Qe7 29. Nf3 e5 30. Bd2 cxd4 31. exd4 e4 32. Nh4 Bd3 33. Be3 Bxf4 34. Nf5 Qe6 35. h4 Bxe3+ 36. Kxe3 a6 37. h5 Nf8 38. gxf8Q Rxg6 39. Qe7+ Qxe7 40. Nxe7 Rh6 41. Rh1 1-0

[Event "Ruhrgebiet Verbandsklasse Gruppe 3 1415"]
[Site "Germany"]
[Date "2014.11.16"]
[Round "3.6"]
[White "Dahlbeck, Mirko"]
[Black "Grube, Joerg"]
[Result "1-0"]
[WhiteElo "1818"]
[BlackElo "1795"]
[PlyCount "61"]
[EventDate "2014.09.21"]
[EventType "team-tourn"]
[EventRounds "9"]
[EventCountry "GER"]
[SourceTitle "EXT 2022"]
[Source "ChessBase"]
[SourceDate "2021.10.06"]
[SourceVersion "1"]
[SourceVersionDate "2021.10.06"]
[SourceQuality "1"]
[WhiteTeam "Annen Sport Union"]
[BlackTeam "Dortmund FS"]
[WhiteTeamCountry "GER"]
[BlackTeamCountry "GER"]

1. e4 e5 2. Nf3 Nf6 3. d4 Nxe4 4. Bd3 d5 5. Nxe5 Nd7 6. Bxe4 dxe4 7. 0-0 Nxe5 8. dxe5 Qxd1 9. Rxd1 Bd7 10. Nd2 Bc6 11. Nb3 Be7 12. Na5 Bd7 13. Nxb7 Rb8 14. Na5 Rb5 15. Nb3 Rxe5 16. Bf4 Re6 17. Bxc7 Rc6 18. Be5 Rxc2 19. Bc3 Bf6 20. Nd4 Bxd4 21. Rxd4 Bf5 22. Rd5 Be6 23. Rg5 Ke7 24. Rxg7 Rd8 25. Rxh7 a6 26. a3 e3 27. fxe3 Rg8 28. g3 Bd5 29. e4 Be6 30. Rd1 Rg4 31. Rh6 1-0

[Event "Ruhrgebiet VK2 1112"]
[Site "Nordrheinwestfalen"]
[Date "2012.01.08"]
[Round "5.4"]
[White "Grube, Joerg"]
[Black "Kuerschners, Stefan"]
[Result "1/2-1/2"]
[WhiteElo "1797"]
[BlackElo "2000"]
[PlyCount "124"]
[EventDate "2012.09.18"]
[EventType "team-tourn"]
[EventRounds "9"]
[EventCountry "GER"]
[SourceTitle "EXT 2020"]
[Source "ChessBase"]
[SourceDate "2019.10.17"]
[SourceVersion "1"]
[SourceVersionDate "2019.10.17"]
[SourceQuality "1"]
[WhiteTeam "Dortmund FS 98 II"]
[BlackTeam "Oberhausen SV III"]
[WhiteTeamCountry "GER"]
[BlackTeamCountry "GER"]

1. f4 d5 2. Nf3 c5 3. e3 a6 4. Be2 Nc6 5. 0-0 g6 6. Qe1 Bg7 7. Qh4 Bf6 8. Qg3 e6 9. d3 Nge7 10. Nc3 Nf5 11. Qf2 h5 12. Nd1 b6 13. c3 Bb7 14. e4 Nfe7 15. Ng5 d4 16. c4 Qd7 17. b3 Bxg5 18. fxg5 Rh7 19. Ba3 a5 20. Bc1 0-0-0 21. Bd2 Ne5 22. a3 N7c6 23. Nb2 Ng4 24. Qf4 e5 25. Qg3 Ne3 26. Rf6 Ng4 27. Rf3 Ne3 28. Nd1 Nxd1 29. Rxd1 Re8 30. Rdf1 Nd8 31. Rf6 Re6 32. R6f3 Kc7 33. h4 Qe7 34. Be1 Rh8 35. Qh2 Rf8 36. Qg3 Nc6 37. Qf2 Nd8 38. Qg3 Nc6 39. Bd2 Nd8 40. Be1 Nc6 41. Qf2 Nd8 42. Bd2 Bc8 43. Qg3 Rc6 44. Rf6 Rxf6 45. Rxf6 Nc6 46. Kh2 Be6 47. Bd1 Rb8 48. Qe1 Ra8 49. Rf1 Qd6 50. Qf2 Qe7 51. a4 Re8 52. Qf6 Qxf6 53. Rxf6 Nb8 54. g4 hxg4 55. Kg3 Nd7 56. Rf2 Kd6 57. Bxg4 Bxg4 58. Kxg4 Ke6 59. Rh2 Rh8 60. h5 Rxh5 61. Rxh5 gxh5+ 62. Kxh5 Nf8 1/2-1/2

[Event "Ruhrgebiet VK2 1112"]
[Site "Nordrheinwestfalen"]
[Date "2011.11.13"]
[Round "3.5"]
[White "Jaeger, Heinz"]
[Black "Grube, Joerg"]
[Result "1-0"]
[WhiteElo "1991"]
[BlackElo "1797"]
[PlyCount "57"]
[EventDate "2012.09.18"]
[EventType "team-tourn"]
[EventRounds "9"]
[EventCountry "GER"]
[SourceTitle "EXT 2020"]
[Source "ChessBase"]
[SourceDate "2019.10.17"]
[SourceVersion "1"]
[SourceVersionDate "2019.10.17"]
[SourceQuality "1"]
[WhiteTeam "Bottrop SV"]
[BlackTeam "Dortmund FS 98 II"]
[WhiteTeamCountry "GER"]
[BlackTeamCountry "GER"]

1. d4 Nc6 2. Nf3 d6 3. e4 Nf6 4. Bd3 Bg4 5. c3 e5 6. d5 Nb8 7. Be3 Be7 8. Nbd2 0-0 9. Qc2 a6 10. h3 Bc8 11. g4 Ne8 12. Nf1 g6 13. Bh6 Ng7 14. Ne3 c6 15. 0-0-0 cxd5 16. Nxd5 Nc6 17. Be3 b5 18. Bb6 Qd7 19. Qd2 Bb7 20. Bc2 f5 21. gxf5 gxf5 22. Qh6 Nd8 23. Nxe7+ Qxe7 24. Ng5 Nge6 25. Bb3 d5 26. Nxe6 Nxe6 27. exd5 Qg5+ 28. Qxg5+ Nxg5 29. Rhg1 1-0

[Event "Ruhrgebiet VL2 0910"]
[Site "Germany"]
[Date "2009.10.04"]
[Round "2.8"]
[White "Grube, Joerg"]
[Black "Rickert, Dirk"]
[Result "1/2-1/2"]
[WhiteElo "1822"]
[BlackElo "2116"]
[PlyCount "48"]
[EventDate "2009.09.06"]
[EventType "team-tourn"]
[EventRounds "9"]
[EventCountry "GER"]
[SourceTitle "EXT 2011"]
[Source "ChessBase"]
[SourceDate "2010.11.26"]
[SourceVersion "1"]
[SourceVersionDate "2010.11.26"]
[SourceQuality "1"]
[WhiteTeam "Dortmund FS 98"]
[BlackTeam "Gladbeck SG"]
[WhiteTeamCountry "GER"]
[BlackTeamCountry "GER"]

1. e4 c5 2. Nf3 d6 3. Bb5+ Bd7 4. Bxd7+ Qxd7 5. c4 e5 6. Nc3 Nf6 7. 0-0 g6 8. Ne1 Bg7 9. Nc2 Nc6 10. Ne3 0-0 11. d3 a6 12. Ned5 Nxd5 13. Nxd5 Rab8 14. f4 f5 15. exf5 Rxf5 16. g4 Rf7 17. f5 gxf5 18. gxf5 Rxf5 19. Be3 Rbf8 20. Qe2 Rxf1+ 21. Rxf1 Rxf1+ 22. Qxf1 Qg4+ 23. Kh1 Qg6 24. Qh3 Qe8 1/2-1/2

[Event "Dortmund4"]
[Site "Dortmund"]
[Date "2006.05.17"]
[Round "6"]
[White "Grube, Joerg"]
[Black "Buedel, Juergen"]
[Result "1-0"]
[WhiteElo "1776"]
[BlackElo "1702"]
[PlyCount "49"]
[EventDate "2006.04.26"]
[EventType "tourn"]
[EventRounds "11"]
[EventCountry "GER"]
[SourceTitle "EXT 2007"]
[Source "ChessBase"]
[SourceDate "2006.11.23"]
[SourceVersion "1"]
[SourceVersionDate "2006.11.23"]
[SourceQuality "1"]

1. e4 e6 2. d4 d5 3. Nc3 Bb4 4. Nge2 dxe4 5. a3 Bxc3+ 6. Nxc3 Nf6 7. Bg5 h6 8. Bh4 g5 9. Bg3 c6 10. f3 exf3 11. Qxf3 Rg8 12. 0-0-0 Nbd7 13. Bd3 Qa5 14. Rhf1 g4 15. Qe2 Qh5 16. Bc4 Kf8 17. Rf2 Rg5 18. Rdf1 Ke7 19. Ne4 Nxe4 20. Rxf7+ Qxf7 21. Rxf7+ Kxf7 22. Qxe4 Nf6 23. Qf4 Bd7 24. Bh4 Rf5 25. Qxf5 1-0

[Event "Dortmund4"]
[Site "Dortmund"]
[Date "2006.05.09"]
[Round "4"]
[White "Grube, Joerg"]
[Black "Lang, Daniel"]
[Result "1-0"]
[WhiteElo "1776"]
[BlackElo "1921"]
[PlyCount "42"]
[EventDate "2006.04.26"]
[EventType "tourn"]
[EventRounds "11"]
[EventCountry "GER"]
[SourceTitle "EXT 2007"]
[Source "ChessBase"]
[SourceDate "2006.11.23"]
[SourceVersion "1"]
[SourceVersionDate "2006.11.23"]
[SourceQuality "1"]

1. d4 Nf6 2. Bg5 d5 3. Bxf6 exf6 4. e3 Bf5 5. Nd2 c5 6. Qf3 Qd7 7. Bb5 Nc6 8. c4 dxc4 9. d5 0-0-0 10. 0-0-0 Kc7 11. dxc6 bxc6 12. Bxc6 Qxc6 13. Qxf5 c3 14. bxc3 Rd5 15. Qf3 c4 16. Nb1 Rxd1+ 17. Kxd1 Qa4+ 18. Ke2 Qc2+ 19. Nd2 Qd3+ 20. Ke1 Bd6 21. Qe4 Be5 1-0

[Event "Dortmund4"]
[Site "Dortmund"]
[Date "2006.04.12"]
[Round "5"]
[White "Hardt, Helmut"]
[Black "Grube, Joerg"]
[Result "0-1"]
[WhiteElo "1861"]
[BlackElo "1776"]
[PlyCount "72"]
[EventDate "2006.04.26"]
[EventType "tourn"]
[EventRounds "11"]
[EventCountry "GER"]
[SourceTitle "EXT 2007"]
[Source "ChessBase"]
[SourceDate "2006.11.23"]
[SourceVersion "1"]
[SourceVersionDate "2006.11.23"]
[SourceQuality "1"]

1. e4 Nc6 2. d4 e5 3. d5 Nce7 4. Bd3 Ng6 5. Nf3 Bc5 6. 0-0 Nf6 7. Bg5 h6 8. Bd2 0-0 9. b4 Bb6 10. a4 a6 11. c4 d6 12. Nc3 Nh5 13. Be3 Nhf4 14. c5 Ba7 15. Ne2 Nxd3 16. Qxd3 Qe7 17. cxd6 cxd6 18. Bxa7 Rxa7 19. Rac1 Ra8 20. b5 axb5 21. axb5 f5 22. b6 fxe4 23. Qxe4 Bf5 24. Qe3 Qf7 25. Nc3 Ra3 26. Ra1 Rfa8 27. Rxa3 Rxa3 28. Qc1 Rb3 29. Qe3 Nf4 30. Kh1 Nxd5 31. Nxd5 Rxe3 32. Nxe3 Be4 33. Rc1 Bxf3 34. Rc7 Qb3 35. gxf3 Qxb6 36. Nd5 Qxf2 0-1

[Event "Dortmund op"]
[Site "Dortmund"]
[Date "2006.03.16"]
[Round "6.5"]
[White "Grube, Joerg"]
[Black "Naundorf, Maik"]
[Result "0-1"]
[WhiteElo "1776"]
[BlackElo "2061"]
[PlyCount "54"]
[EventDate "2006.03.06"]
[EventType "swiss"]
[EventRounds "9"]
[EventCountry "GER"]
[SourceTitle "CBM 111 Extra"]
[Source "ChessBase"]
[SourceDate "2006.05.09"]
[SourceVersion "1"]
[SourceVersionDate "2006.05.09"]
[SourceQuality "1"]

1. e4 c5 2. Nf3 g6 3. d4 cxd4 4. Nxd4 Nc6 5. Nc3 Bg7 6. Be3 Nf6 7. Bc4 0-0 8. 0-0 Nxe4 9. Nxe4 d5 10. Nxc6 bxc6 11. Bd3 dxe4 12. Bxe4 Qa5 13. c3 Rb8 14. Qc2 c5 15. Rfd1 Be6 16. Bd5 Bf5 17. Be4 Be6 18. Bd5 Bf5 19. Be4 Bxe4 20. Qxe4 e6 21. Qc4 Rxb2 22. Qxc5 Qxc5 23. Bxc5 Ra8 24. Rd3 Rc2 25. Rad1 Bf6 26. a3 Rxc3 27. Kf1 Rxc5 0-1

[Event "Dortmund op"]
[Site "Dortmund"]
[Date "2006.03.06"]
[Round "1.23"]
[White "Soelbrandt, Robin"]
[Black "Grube, Joerg"]
[Result "0-1"]
[WhiteElo "1336"]
[BlackElo "1776"]
[PlyCount "70"]
[EventDate "2006.03.06"]
[EventType "swiss"]
[EventRounds "9"]
[EventCountry "GER"]
[SourceTitle "CBM 111 Extra"]
[Source "ChessBase"]
[SourceDate "2006.05.09"]
[SourceVersion "1"]
[SourceVersionDate "2006.05.09"]
[SourceQuality "1"]

1. e4 e5 2. Nf3 Nc6 3. d4 exd4 4. Nxd4 Nf6 5. Nc3 Nxe4 6. Nxe4 Qe7 7. Qd3 d5 8. Nxc6 bxc6 9. Be2 Qxe4 10. Qxe4+ dxe4 11. Bf4 Bd6 12. Bxd6 cxd6 13. f3 f5 14. fxe4 fxe4 15. Rd1 Ke7 16. Rf1 Be6 17. b3 Rhf8 18. Ba6 Rxf1+ 19. Kxf1 Rf8+ 20. Ke1 Rf5 21. Bb7 Rc5 22. c4 Kd7 23. g3 Kc7 24. Ba8 Rf5 25. Rd2 Rf8 26. Bxc6 Kxc6 27. Re2 Bf5 28. g4 Bg6 29. h4 h6 30. h5 Bh7 31. Kd2 Rf4 32. Rg2 Kc5 33. Ke3 Rf3+ 34. Ke2 a5 35. g5 a4 0-1